00321nam a2200121Ia 4500003000400000008004100004040001600045082001800061245003000079260007400109300001100183490000500194GCL140319s9999 xx 000 0 ara d aGCL / cGCL04a813.01bم ا10aامرأة بلاراس a[S.N] : bمنشورات اتحاد الكتاب العرب ، c1992 a222 ص a